| 000 | 00791cam a22002533a 4500 | ||
|---|---|---|---|
| 001 | 32910 | ||
| 003 | PGUSA | ||
| 005 | 20140828083719.0 | ||
| 008 | 100620s2010||||xxu|||||s|||||000 1 eng d | ||
| 040 |
_aPGUSA _beng |
||
| 042 | _adc | ||
| 050 | 4 | _aPZ | |
| 100 | 1 |
_aBrereton, F. S. _q(Frederick Sadleir), _d1872- |
|
| 245 | 1 | 0 |
_aWith Wolseley to Kumasi : _bA Tale of the First Ashanti War _h[electronic resource] / _cF. S. Brereton |
| 260 |
_bProject Gutenberg, _c2010 |
||
| 506 | _aPublic domain in the USA. | ||
| 516 | _aElectronic text | ||
| 653 | _aAfrica -- Juvenile fiction | ||
| 653 | _aAshanti war, 1873-1874 -- Juvenile fiction | ||
| 700 | 1 |
_aBrowne, Gordon, _d1858-1932 |
|
| 830 | 0 |
_aProject Gutenberg _v32910 |
|
| 856 | 4 | 0 | _uhttp://www.gutenberg.org/ebooks/32910 |
| 942 | _cEB | ||
| 999 |
_c262165 _d262165 |
||